00193nam a2200085Ia 4500008004100000082001600041245002400057260001600081300001000097210430s9999 xx 000 0 und d a951.9 K841A 2aA Handbook Of Korea aKoreac1978 a825p.